Inšpiruje ho rodný kraj včera otvorili výstavu obrazov Juraja Molnára

Bibliographic Details
Format: Article
Language:Slovak
ISSN:1336-4030
Subjects:
Online Access:www.vecernik.po.sk

MARC

LEADER 00000nab a2200000 a 4500
001 vtls008304849
003 SK-MaSNL
005 20260305033343.0
008 051024c20050606xo dr n 000 00slo
015 |a SNBRB2005/10SVKPO 
038 |a SVKPOCL 
040 |a SVKPOCL  |b slo  |c SVKPOCL  |e AACR2 
041 0 |a slo 
044 |a xo  |c SK 
080 |a 75:061.4  |2 UDC-MRF-SK2 
080 |a 929 Molnár, Juraj  |2 UDC-MRF-SK2 
080 |a 061.4  |2 UDC-MRF-SK2 
245 0 0 |a Inšpiruje ho rodný kraj  |b včera otvorili výstavu obrazov Juraja Molnára  |c [autor] (kraj) 
600 1 7 |a Molnár, Juraj  |d 1938-  |x výstavy  |y 2005  |2 svkpocl  |9 1613751 
610 2 7 |a Gréckokatolícka cirkev.  |b Dekanský úrad (Prešov, Slovensko)  |2 svkpocl  |9 1613752 
610 2 7 |a Rusínska obroda (Prešov, Slovensko)  |2 snkbucl  |9 33300 
610 2 7 |a Gréckokatolícka cirkev.  |b Farský úrad (Prešov, Slovensko)  |2 svkpocl  |9 1613750 
651 7 |a Kyjov (Slovensko)  |2 svkpocl  |9 23549 
651 7 |a Stará Ľubovňa (Slovensko : okres)  |2 svkpocl  |9 19196 
651 7 |a Prešov (Slovensko)  |2 svkpocl  |9 17347 
773 0 |t Prešovský večerník  |g Roč. XVI, č. 3726 (6.6.2005), s. 6  |x 1336-4030 
852 |a SVKPO  |b KIS3GCP 
856 4 1 |u www.vecernik.po.sk 
958 |a RN 
958 |a BX 
999 |c 3323945  |d 3325875